[Event "4NCL Division 1c"]
[Site "Birmingham, ENG"]
[Date "2016.04.30"]
[Round "9.111"]
[White "Adair, James R"]
[Black "Howell, David W L"]
[Result "1/2-1/2"]
[WhiteElo "2474"]
[BlackElo "2678"]
[PlyCount "59"]
[EventDate "2016.04.30"]
[WhiteTeam "White Rose 1"]
[BlackTeam "Cheddleton 1"]

1. e4 e5 2. Nf3 Nc6 3. Bb5 a6 4. Ba4 Nf6 5. O-O Be7 6. Re1 b5 7. Bb3 d6 8. c3
O-O 9. h3 Na5 10. Bc2 c5 11. d4 Nd7 12. a4 b4 13. cxb4 cxb4 14. Nbd2 exd4 15.
Nxd4 Bf6 16. N2b3 Ne5 17. Nxa5 Qxa5 18. Bb3 Bb7 19. Nf5 Rad8 20. Qh5 Rd7 21.
Bg5 Qd8 22. Bxf6 Qxf6 23. Rad1 Rfd8 24. Bd5 Bxd5 25. Rxd5 Ng6 26. Rd4 b3 27.
Qd1 Ne7 28. Ne3 h6 29. e5 Qe6 30. exd6 1/2-1/2

[Event "4NCL Division 1c"]
[Site "Birmingham, ENG"]
[Date "2016.04.30"]
[Round "9.112"]
[White "Hawkins, Jonathan"]
[Black "Wells, Peter K"]
[Result "1-0"]
[WhiteElo "2584"]
[BlackElo "2424"]
[PlyCount "95"]
[EventDate "2016.04.30"]
[WhiteTeam "Cheddleton 1"]
[BlackTeam "White Rose 1"]

1. d4 Nf6 2. c4 e6 3. Nc3 Bb4 4. Qc2 O-O 5. Nf3 c5 6. dxc5 Na6 7. g3 Nxc5 8.
Bg2 b6 9. O-O Bb7 10. Nb5 Be4 11. Qd1 Nb7 12. Bf4 a6 13. Nd6 Bxd6 14. Bxd6 Nxd6
15. Qxd6 Qb8 16. Qxb8 Raxb8 17. Rfd1 Rfc8 18. Ne5 Bxg2 19. Kxg2 b5 20. cxb5
Rxb5 21. Rac1 Rxc1 22. Rxc1 Kf8 23. Nd3 Nd5 24. Rc4 f5 25. h3 Ke7 26. g4 g6 27.
g5 Kd6 28. Kg3 e5 29. b3 e4 30. Nf4 Ke5 31. Nxd5 Rxd5 32. f4+ Kd6 33. Kf2 Ra5
34. Rc8 Rxa2 35. Rh8 Rb2 36. Rxh7 Rxb3 37. Rh6 Kd5 38. Rxg6 Rxh3 39. Rh6 Rb3
40. Rf6 d6 41. Rxf5+ Ke6 42. Rf8 Ke7 43. Ra8 Ra3 44. g6 Kf6 45. f5 Ra5 46. Rf8+
Kg7 47. Rf7+ Kg8 48. Ke3 1-0

[Event "4NCL Division 1c"]
[Site "Birmingham, ENG"]
[Date "2016.04.30"]
[Round "9.113"]
[White "Palliser, Richard J D"]
[Black "Fodor, Tamas Jr"]
[Result "1-0"]
[WhiteElo "2416"]
[BlackElo "2505"]
[PlyCount "95"]
[EventDate "2016.04.30"]
[WhiteTeam "White Rose 1"]
[BlackTeam "Cheddleton 1"]

1. Nf3 d5 2. d4 c6 3. c4 e6 4. Qc2 Nf6 5. Bg5 Nbd7 6. e3 Qa5+ 7. Nbd2 Ne4 8.
Bh4 Bb4 9. a3 g5 10. Bg3 g4 11. Rd1 Be7 12. Ng1 h5 13. cxd5 exd5 14. Bd3 h4 15.
Bf4 Ndf6 16. Ne2 Bf5 17. Nc3 Nxc3 18. bxc3 Be6 19. O-O Nh5 20. Rfe1 Kf8 21. a4
Nxf4 22. exf4 Qc7 23. Bf5 Bc8 24. Bxc8 Qxc8 25. Nf1 Bd6 26. g3 Qd7 27. Ne3 Rh5
28. Qe2 f5 29. Ng2 hxg3 30. fxg3 Rh6 31. Qc2 Kg7 32. Re2 Rah8 33. Ne1 Re8 34.
Nd3 Re4 35. Rde1 Rhe6 36. Ne5 Bxe5 37. fxe5 c5 38. Qd2 Kg6 39. Rxe4 dxe4 40.
Rd1 Qxa4 41. Rf1 Re8 42. Qf4 Qd7 43. d5 c4 44. h3 gxh3 45. g4 Rf8 46. gxf5+
Rxf5 47. Qg4+ Rg5 48. Rf6+ 1-0

[Event "4NCL Division 1c"]
[Site "Birmingham, ENG"]
[Date "2016.04.30"]
[Round "9.114"]
[White "Williams, Simon K"]
[Black "Emms, John M"]
[Result "0-1"]
[WhiteElo "2452"]
[BlackElo "2463"]
[PlyCount "156"]
[EventDate "2016.04.30"]
[WhiteTeam "Cheddleton 1"]
[BlackTeam "White Rose 1"]

1. d4 Nf6 2. Nf3 e6 3. c4 b6 4. g3 Bb7 5. Bg2 Be7 6. O-O O-O 7. Re1 Na6 8. Ne5
Bxg2 9. Kxg2 c5 10. d5 Qc7 11. Nd3 exd5 12. cxd5 Nxd5 13. e4 Nf6 14. Nc3 Qb7
15. Nf4 Nc7 16. g4 Ne6 17. g5 Nxg5 18. Nfd5 Nxd5 19. Nxd5 Bd8 20. Bxg5 Bxg5 21.
Qg4 Bd8 22. Rad1 Rc8 23. f4 Re8 24. f5 Rc6 25. Rd3 Qb8 26. Red1 Qe5 27. Nc3 Bc7
28. Rh3 Rd6 29. Rxd6 Bxd6 30. Qh4 h6 31. Rd3 Be7 32. Qg4 Bf6 33. Rxd7 Rd8 34.
Qd1 Rxd7 35. Qxd7 Qf4 36. Qe8+ Kh7 37. Qxf7 Qg4+ 38. Kf1 Bd4 39. Qe6 Qg1+ 40.
Ke2 Qxh2+ 41. Kd3 Qe5 42. Qg6+ Kg8 43. a4 c4+ 44. Kxc4 Bxc3 45. bxc3 Qxe4+ 46.
Kb5 Qd3+ 47. Kb4 Qd7 48. c4 Qd2+ 49. Kb3 Qd3+ 50. Kb2 Qxc4 51. Qe8+ Kh7 52.
Qg6+ Kg8 53. Qe8+ Kh7 54. Qg6+ Kh8 55. Qe8+ Qg8 56. Qe7 Qa8 57. Qf7 a6 58. Qg6
Qd8 59. Kc2 Qd7 60. Kb3 a5 61. Qg4 b5 62. axb5 Qxb5+ 63. Ka2 a4 64. Qg6 Qd5+
65. Kb2 Qb5+ 66. Ka2 Qd7 67. Ka3 Kg8 68. Kb4 Qf7 69. Qg4 Qb3+ 70. Kc5 a3 71.
Qe4 a2 72. f6 Qc3+ 73. Kb5 Qb3+ 74. Kc5 a1=Q 75. Qe8+ Kh7 76. Qe4+ Kh8 77. Qe8+
Qg8 78. f7 Qa3+ 0-1

[Event "4NCL Division 1c"]
[Site "Birmingham, ENG"]
[Date "2016.04.30"]
[Round "9.115"]
[White "Gourlay, Iain"]
[Black "Eggleston, David J"]
[Result "1-0"]
[WhiteElo "2400"]
[BlackElo "2400"]
[PlyCount "135"]
[EventDate "2016.04.30"]
[WhiteTeam "White Rose 1"]
[BlackTeam "Cheddleton 1"]

1. Nf3 Nf6 2. c4 e6 3. g3 d5 4. b3 Be7 5. Bb2 O-O 6. Bg2 c5 7. O-O Nc6 8. e3
Bd7 9. Qe2 Rc8 10. Nc3 Re8 11. Rac1 a6 12. d4 cxd4 13. exd4 dxc4 14. bxc4 Na5
15. Ne5 Bb4 16. Rfd1 Bc6 17. Nxc6 Nxc6 18. Ne4 Nxe4 19. Bxe4 Bf8 20. d5 exd5
21. cxd5 Na5 22. Rxc8 Qxc8 23. d6 Qe6 24. d7 Rd8 25. Qd3 Nc4 26. Bxh7+ Kh8 27.
Bc3 Nd6 28. Ba5 Rxd7 29. Bf5 Qxa2 30. Bxd7 Qxa5 31. Qf3 Kg8 32. Rd5 Qe1+ 33.
Kg2 Qe4 34. Qxe4 Nxe4 35. Bc8 Nd6 36. Rc5 b6 37. Rc6 a5 38. Bd7 b5 39. Ra6 b4
40. Rxa5 g6 41. Ra8 Kg7 42. Rb8 Ne4 43. Bc6 Nc3 44. Rb7 Kf6 45. h4 Ne2 46. Bd5
Be7 47. Kf3 Nd4+ 48. Ke4 Nf5 49. Rb6+ Kg7 50. Kf3 Kf8 51. Rb7 Nd4+ 52. Kg4 Nf5
53. Kh3 Nd4 54. Bc4 Nf5 55. g4 Nd4 56. f4 Nc6 57. h5 gxh5 58. gxh5 Nd8 59. Rb6
Kg7 60. Bd5 Kh7 61. Kg4 Kg7 62. f5 f6 63. Rb8 Kh6 64. Rc8 b3 65. Bxb3 Nb7 66.
Rc7 Nc5 67. Bg8 Kg7 68. Bd5 1-0

[Event "4NCL Division 1c"]
[Site "Birmingham, ENG"]
[Date "2016.04.30"]
[Round "9.116"]
[White "Arkell, Keith C"]
[Black "McNab, Colin A"]
[Result "1/2-1/2"]
[WhiteElo "2448"]
[BlackElo "2435"]
[PlyCount "157"]
[EventDate "2016.04.30"]
[WhiteTeam "Cheddleton 1"]
[BlackTeam "White Rose 1"]

1. d4 d6 2. c4 e5 3. Nc3 exd4 4. Qxd4 Nc6 5. Qd2 Nf6 6. b3 g6 7. Bb2 Bg7 8. g3
O-O 9. Nh3 Re8 10. Nf4 Ne5 11. Bg2 a5 12. O-O a4 13. Rad1 axb3 14. axb3 Bf5 15.
h3 h5 16. Nfd5 Ned7 17. Ra1 Rxa1 18. Rxa1 c6 19. Ne3 Be6 20. Qxd6 Bf8 21. Qd1
Bh6 22. Qd4 Qb6 23. Qxb6 Nxb6 24. Na4 Nfd7 25. Nxb6 Nxb6 26. Bd4 Bg7 27. Bxg7
Kxg7 28. Ra7 Rb8 29. f4 Nc8 30. Ra1 b5 31. Bxc6 bxc4 32. bxc4 Rb3 33. Kf2 Rc3
34. Bd5 Bxh3 35. Rb1 Be6 36. Bxe6 fxe6 37. Rd1 Ne7 38. Rd3 Rc1 39. Kf3 Nf5 40.
Nxf5+ gxf5 41. Rd7+ Kg6 42. Rc7 Rc3+ 43. Kf2 Kf6 44. c5 Kg6 45. e3 Rc2+ 46. Ke1
Kf6 47. c6 e5 48. Kd1 Rc5 49. Ke2 exf4 50. exf4 Ke6 51. Kf3 Kd5 52. Kg2 h4 53.
gxh4 Rc2+ 54. Kf3 Rc3+ 55. Kf2 Rc2+ 56. Ke3 Rc3+ 57. Ke2 Rh3 58. Rh7 Kxc6 59.
Kf2 Kd6 60. Kg2 Ra3 61. h5 Ke6 62. Rb7 Kf6 63. Rb6+ Kg7 64. Rg6+ Kf7 65. Rg5
Kf6 66. Rg8 Kf7 67. Rg6 Rb3 68. Ra6 Kg7 69. Ra5 Kf6 70. Ra7 Rc3 71. h6 Kg6 72.
h7 Rc8 73. Kg3 Rh8 74. Kh4 Rxh7+ 75. Rxh7 Kxh7 76. Kh5 Kg7 77. Kg5 Kf8 78. Kf6
Ke8 79. Ke6 1/2-1/2

[Event "4NCL Division 1c"]
[Site "Birmingham, ENG"]
[Date "2016.04.30"]
[Round "9.117"]
[White "Townsend, M Paul"]
[Black "Kirk, Ezra"]
[Result "0-1"]
[WhiteElo "2258"]
[BlackElo "2337"]
[PlyCount "166"]
[EventDate "2016.04.30"]
[WhiteTeam "White Rose 1"]
[BlackTeam "Cheddleton 1"]

1. Nf3 Nf6 2. g3 g6 3. Bg2 Bg7 4. O-O O-O 5. c4 d6 6. d4 Nc6 7. Nc3 a6 8. Qd3
Bd7 9. d5 Nb4 10. Qd1 a5 11. a3 Na6 12. Be3 Qc8 13. Bd4 e5 14. dxe6 fxe6 15.
Ng5 Nb8 16. c5 d5 17. e4 h6 18. Nf3 Nc6 19. exd5 Nxd4 20. Nxd4 exd5 21. Nxd5
Nxd5 22. Bxd5+ Kh7 23. c6 bxc6 24. Nxc6 Ra6 25. Rc1 Bxc6 26. Rxc6 Rxc6 27. Bxc6
Bxb2 28. Qd3 Qe6 29. Bb5 c5 30. Qd2 Bd4 31. Qxa5 h5 32. Qc7+ Rf7 33. Qc6 Qf5
34. Bc4 Re7 35. Qd5 Qxd5 36. Bxd5 Ra7 37. Kg2 Rxa3 38. Rb1 Rd3 39. Rb7+ Kh6 40.
Be4 Rd2 41. Rb6 Rxf2+ 42. Kh1 Bf6 43. Rc6 Re2 44. Bd3 Rd2 45. Bc4 Be7 46. Re6
Bd6 47. Bb5 Kg7 48. Kg1 g5 49. Re2 Rd1+ 50. Kf2 Kf6 51. Re1 Rd4 52. Be8 h4 53.
Bh5 c4 54. Rd1 Rxd1 55. Bxd1 Kf5 56. gxh4 g4 57. Bc2+ Kf4 58. Ba4 c3 59. Bc2
Be7 60. h5 Bh4+ 61. Kg2 Bg5 62. Kf2 Bh6 63. Kg2 Bf8 64. Kf2 Bg7 65. Kg2 Bf8 66.
Kf2 Bh6 67. Kg2 Bg5 68. Kf2 Bh4+ 69. Kg2 Kg5 70. Bd1 Be1 71. Kf1 Bd2 72. Kg2
Bf4 73. Kh1 Kh4 74. Kg2 Be3 75. Bc2 Bd2 76. Bg6 Bf4 77. Kg1 Kh3 78. Kh1 Be3 79.
Bf5 Bf4 80. Bg6 Bxh2 81. h6 Be5 82. h7 Bd4 83. Be4 Kg3 0-1

[Event "4NCL Division 1c"]
[Site "Birmingham, ENG"]
[Date "2016.04.30"]
[Round "9.118"]
[White "Steil-Antoni, Fiona"]
[Black "Motycakova, Monika"]
[Result "1/2-1/2"]
[WhiteElo "2185"]
[BlackElo "2176"]
[PlyCount "127"]
[EventDate "2016.04.30"]
[WhiteTeam "Cheddleton 1"]
[BlackTeam "White Rose 1"]

1. e4 e5 2. Nf3 Nc6 3. d4 exd4 4. Nxd4 Bc5 5. Be3 Qf6 6. c3 Nge7 7. g3 d6 8.
Bg2 Ne5 9. h3 O-O 10. O-O Qg6 11. Nd2 Bb6 12. a4 c6 13. Kh2 f5 14. a5 Bc7 15.
f4 Nf7 16. exf5 Nxf5 17. Nxf5 Bxf5 18. a6 bxa6 19. Bxc6 Rab8 20. b4 Bxh3 21.
Kxh3 Qe6+ 22. Kg2 Qxe3 23. Rf3 Qe7 24. Nc4 Nh6 25. Rxa6 Bb6 26. Ra2 Nf5 27. Re2
Qc7 28. Qd5+ Kh8 29. Ba4 Rbc8 30. Nxb6 axb6 31. Bc2 Qd7 32. Re6 g6 33. Bxf5
Rxf5 34. Qxd6 Qxd6 35. Rxd6 b5 36. Kh3 Kg7 37. Rd7+ Rf7 38. Rfd3 h6 39. Kg4 Rc7
40. Rxc7 Rxc7 41. Rd5 Rxc3 42. Rxb5 Rb3 43. Rb6 h5+ 44. Kh4 Kf7 45. b5 Kg7 46.
Rb8 Kf6 47. Rb7 Rb1 48. Kh3 Rb3 49. b6 Rb4 50. Rb8 Kg7 51. Kh4 Rb5 52. Kh3 Rb3
53. Kh4 Rb4 54. b7 Rb5 55. Kh3 Rb4 56. Kg2 Rb3 57. Kf2 Kh7 58. Kg2 Kg7 59. Kh3
Rb4 60. Kh4 Rb5 61. g4 hxg4 62. Kxg4 Rb3 63. Kh4 Kh7 64. Kg4 1/2-1/2

[Event "4NCL Division 1c"]
[Site "Birmingham, ENG"]
[Date "2016.04.30"]
[Round "9.121"]
[White "Gormally, Daniel W"]
[Black "Speelman, Jon S"]
[Result "1/2-1/2"]
[WhiteElo "2490"]
[BlackElo "2518"]
[PlyCount "39"]
[EventDate "2016.04.30"]
[WhiteTeam "Blackthorne Russia"]
[BlackTeam "Wood Green HK"]

1. e4 e6 2. d4 d5 3. Nd2 c5 4. exd5 Qxd5 5. Ngf3 cxd4 6. Bc4 Qd6 7. O-O Nf6 8.
Nb3 Nc6 9. Nbxd4 Nxd4 10. Nxd4 a6 11. Bb3 Qc7 12. Qf3 Bd6 13. Kh1 Bd7 14. Bg5
O-O-O 15. Rad1 Be5 16. Rfe1 Bxd4 17. Rxd4 Bc6 18. Qe3 Rxd4 19. Qxd4 Rd8 20. Qf4
1/2-1/2

[Event "4NCL Division 1c"]
[Site "Birmingham, ENG"]
[Date "2016.04.30"]
[Round "9.122"]
[White "Aagaard, Jacob"]
[Black "Hunt, Harriet V"]
[Result "1/2-1/2"]
[WhiteElo "2491"]
[BlackElo "2449"]
[PlyCount "35"]
[EventDate "2016.04.30"]
[WhiteTeam "Wood Green HK"]
[BlackTeam "Blackthorne Russia"]

1. e4 c6 2. d4 d5 3. e5 Bf5 4. h4 h5 5. Bd3 Bxd3 6. Qxd3 e6 7. Bg5 Qb6 8. Nd2
Qa6 9. c4 Bb4 10. b3 Ne7 11. Ngf3 Nd7 12. Ke2 f6 13. Bf4 O-O-O 14. Rac1 Rhf8
15. exf6 gxf6 16. a3 Bxd2 17. Bxd2 Rg8 18. g3 1/2-1/2

[Event "4NCL Division 1c"]
[Site "Birmingham, ENG"]
[Date "2016.04.30"]
[Round "9.123"]
[White "Ledger, Andrew J"]
[Black "Shaw, John"]
[Result "1/2-1/2"]
[WhiteElo "2379"]
[BlackElo "2451"]
[PlyCount "58"]
[EventDate "2016.04.30"]
[WhiteTeam "Blackthorne Russia"]
[BlackTeam "Wood Green HK"]

1. Nf3 d5 2. g3 Bg4 3. Bg2 Nd7 4. c4 e6 5. cxd5 exd5 6. O-O Ngf6 7. Nc3 c6 8.
d3 Bc5 9. Qb3 Bb6 10. Na4 O-O 11. Nxb6 axb6 12. Qc2 Re8 13. Re1 h6 14. h3 Bf5
15. g4 Bh7 16. Bf4 b5 17. a3 Ra4 18. Bg3 Qa5 19. Bd6 Qa7 20. e3 Re6 21. Bb4 c5
22. b3 Raa6 23. Bc3 c4 24. Bf1 Rxa3 25. Qb2 Rea6 26. Rxa3 Rxa3 27. bxc4 bxc4
28. dxc4 Ra2 29. Ra1 Rxa1 1/2-1/2

[Event "4NCL Division 1c"]
[Site "Birmingham, ENG"]
[Date "2016.04.30"]
[Round "9.124"]
[White "Pert, Richard G"]
[Black "Ansell, Simon T"]
[Result "1-0"]
[WhiteElo "2441"]
[BlackElo "2356"]
[PlyCount "97"]
[EventDate "2016.04.30"]
[WhiteTeam "Wood Green HK"]
[BlackTeam "Blackthorne Russia"]

1. d4 d5 2. c4 c6 3. Nf3 Nf6 4. Nc3 dxc4 5. e4 b5 6. Be2 e6 7. O-O Be7 8. a4 b4
9. e5 bxc3 10. exf6 gxf6 11. bxc3 Qa5 12. Ba3 Bxa3 13. Rxa3 Nd7 14. Nd2 Ba6 15.
Bxc4 Bxc4 16. Nxc4 Qd5 17. Ne3 Qd6 18. Ra1 O-O 19. c4 Rad8 20. g3 f5 21. c5 Qe7
22. Qe2 Qf6 23. Rad1 e5 24. dxe5 Qxe5 25. Qf3 Nxc5 26. Nxf5 Qf6 27. Qh5 Ne6 28.
h4 Kh8 29. Rxd8 Rxd8 30. Nh6 Rd5 31. Nxf7+ Kg7 32. Ng5 Nxg5 33. hxg5 Rxg5 34.
Qe2 Qe5 35. Qc2 Rg6 36. Rb1 Kh6 37. Qd2+ Qg5 38. Qc3 Rd6 39. Re1 Kg6 40. Re5
Qf6 41. Qe3 h6 42. Qe4+ Kg7 43. Re7+ Kf8 44. Rxa7 Qg5 45. Qf3+ Qf6 46. Qb3 Rd5
47. Rc7 h5 48. Qb4+ Kg8 49. Qe4 1-0

[Event "4NCL Division 1c"]
[Site "Birmingham, ENG"]
[Date "2016.04.30"]
[Round "9.125"]
[White "Bates, Richard A"]
[Black "Greet, Andrew N"]
[Result "1/2-1/2"]
[WhiteElo "2321"]
[BlackElo "2456"]
[PlyCount "131"]
[EventDate "2016.04.30"]
[WhiteTeam "Blackthorne Russia"]
[BlackTeam "Wood Green HK"]

1. d4 Nf6 2. Nf3 e6 3. c4 b6 4. g3 Ba6 5. b3 b5 6. cxb5 Bxb5 7. Bg2 d5 8. O-O
Nbd7 9. Nc3 Ba6 10. a3 Bd6 11. b4 O-O 12. Bg5 Qb8 13. Nd2 h6 14. Bxf6 Nxf6 15.
Nb3 c6 16. Re1 Nd7 17. e4 Nb6 18. Nc5 Bc4 19. e5 Be7 20. N3a4 Nxa4 21. Qxa4 Qb5
22. Qc2 Bxc5 23. bxc5 Bd3 24. Qd2 Rfb8 25. a4 Qa6 26. Red1 Rb3 27. h4 Rab8 28.
Rdc1 Rb2 29. Qf4 Qa5 30. Ra3 Qd2 31. Qxd2 Rxd2 32. Raa1 Rbb2 33. Rd1 Bf5 34.
Rxd2 Rxd2 35. Bf1 Rxd4 36. Rc1 Rxa4 37. Bb5 Rb4 38. Bxc6 Kf8 39. Ra1 Rb1+ 40.
Rxb1 Bxb1 41. Bb5 Ke7 42. f4 d4 43. Kf2 a5 44. Ke2 Bf5 45. Kd2 f6 46. Ba4 fxe5
47. fxe5 Kd8 48. Bb5 Kc7 49. Ba4 Be4 50. Bb5 Bg2 51. Ba4 Bc6 52. Bb3 Bd5 53.
Ba4 Bc4 54. Kc2 Kb7 55. Kd2 Kc8 56. Kc2 Kc7 57. Kd2 Kb7 58. Kc2 Ka6 59. Bd7 Kb7
60. Ba4 Kb8 61. Kd2 Ka8 62. Bc6+ Ka7 63. Bd7 Kb7 64. Ba4 Ka6 65. Bd7 Kb7 66.
Ba4 1/2-1/2

[Event "4NCL Division 1c"]
[Site "Birmingham, ENG"]
[Date "2016.04.30"]
[Round "9.126"]
[White "McDonald, Neil"]
[Black "Webb, Laurence E"]
[Result "1-0"]
[WhiteElo "2418"]
[BlackElo "2272"]
[PlyCount "105"]
[EventDate "2016.04.30"]
[WhiteTeam "Wood Green HK"]
[BlackTeam "Blackthorne Russia"]

1. e4 e6 2. d4 d5 3. Nd2 Nf6 4. e5 Ne4 5. Nxe4 dxe4 6. Bc4 a6 7. Ne2 c5 8. c3
b5 9. Bb3 Bb7 10. O-O Nc6 11. Be3 Qh4 12. a4 Rd8 13. axb5 axb5 14. Qc1 Be7 15.
Nf4 g5 16. Ne2 O-O 17. f4 exf3 18. Rxf3 Nxd4 19. cxd4 Bxf3 20. gxf3 cxd4 21.
Bf2 Qh5 22. Nxd4 g4 23. f4 Bh4 24. Qe3 Bxf2+ 25. Qxf2 Qh3 26. Bc2 Kh8 27. Ra3
Qh6 28. Rg3 Ra8 29. Kg2 Ra2 30. Bb1 Ra4 31. Rxg4 Rg8 32. h3 Qf8 33. Kh2 Rxg4
34. hxg4 Qd8 35. Nc6 Qd1 36. Bc2 Rxf4 37. Qxf4 Qxc2+ 38. Kg3 Qxc6 39. Qxf7 Qc8
40. Kh4 Qg8 41. Qf6+ Qg7 42. Qd8+ Qg8 43. Qxg8+ Kxg8 44. Kh5 Kg7 45. g5 b4 46.
b3 Kh8 47. Kh6 Kg8 48. g6 Kh8 49. Kg5 h5 50. Kf6 Kg8 51. Kxe6 Kg7 52. Kf5 h4
53. e6 1-0

[Event "4NCL Division 1c"]
[Site "Birmingham, ENG"]
[Date "2016.04.30"]
[Round "9.127"]
[White "Ledger, Dave J"]
[Black "Fitzsimons, David"]
[Result "0-1"]
[WhiteElo "2234"]
[BlackElo "2385"]
[PlyCount "70"]
[EventDate "2016.04.30"]
[WhiteTeam "Blackthorne Russia"]
[BlackTeam "Wood Green HK"]

1. e4 e6 2. d4 d5 3. Nc3 Nf6 4. e5 Nfd7 5. f4 c5 6. Nf3 Nc6 7. Be3 a6 8. Qd2
Qb6 9. Na4 Qb4 10. Qxb4 Nxb4 11. Kd2 b6 12. Be2 Bb7 13. b3 Be7 14. h4 O-O 15.
c3 Nc6 16. Bd3 Rac8 17. f5 cxd4 18. cxd4 b5 19. Nc5 Bxc5 20. dxc5 Ncxe5 21.
Nxe5 Nxe5 22. Rhf1 Nxd3 23. Kxd3 e5 24. f6 d4 25. Bg5 Rxc5 26. Rac1 Rfc8 27.
Rxc5 Rxc5 28. fxg7 Kxg7 29. Bf6+ Kg6 30. g4 h5 31. g5 Rc3+ 32. Kd2 e4 33. Be5
e3+ 34. Kd1 e2+ 35. Kxe2 Re3+ 0-1

[Event "4NCL Division 1c"]
[Site "Birmingham, ENG"]
[Date "2016.04.30"]
[Round "9.128"]
[White "Longson, Sarah N"]
[Black "Ledger, Stephen C"]
[Result "0-1"]
[WhiteElo "2107"]
[BlackElo "2177"]
[PlyCount "102"]
[EventDate "2016.04.30"]
[WhiteTeam "Wood Green HK"]
[BlackTeam "Blackthorne Russia"]

1. e4 c5 2. Nf3 Nc6 3. Bb5 g6 4. Bxc6 dxc6 5. d3 Bg7 6. h3 e5 7. Be3 Qe7 8. Qd2
Nf6 9. Nc3 Nd7 10. Bh6 f6 11. O-O-O Nf8 12. Nh2 Ne6 13. Bxg7 Qxg7 14. Ne2 Nd4
15. Kb1 Be6 16. Nc1 O-O-O 17. Qa5 b6 18. Qa6+ Kb8 19. Rhe1 Qf7 20. c3 Nb5 21.
Nf3 Rd6 22. Rd2 Rhd8 23. Red1 h5 24. Qa4 g5 25. Qc2 g4 26. hxg4 hxg4 27. Nh4
Qd7 28. a4 Nc7 29. c4 Na6 30. Na2 b5 31. Nf5 Bxf5 32. exf5 b4 33. Nc1 Qxf5 34.
Ne2 Qg6 35. Ng3 f5 36. a5 Nc7 37. Qa4 Ne6 38. Ne2 f4 39. Ka1 Kc7 40. Nc1 Nd4
41. a6 Ne6 42. Re2 e4 43. Rxe4 Qxe4 44. dxe4 Rxd1 45. Kb1 Kb6 46. e5 R8d2 47.
g3 fxg3 48. fxg3 Nd4 49. e6 Nxe6 50. Qb3 Nd4 51. Qe3 Rc2 0-1

[Event "4NCL Division 1c"]
[Site "Birmingham, ENG"]
[Date "2016.04.30"]
[Round "9.131"]
[White "Fressinet, Laurent"]
[Black "Turner, Matthew J"]
[Result "1/2-1/2"]
[WhiteElo "2692"]
[BlackElo "2509"]
[PlyCount "105"]
[EventDate "2016.04.30"]
[WhiteTeam "Guildford 1"]
[BlackTeam "Barbican 4NCL 1"]

1. d4 Nf6 2. c4 e6 3. Nf3 Bb4+ 4. Nbd2 d5 5. Qa4+ Nc6 6. a3 Be7 7. e3 O-O 8.
Qc2 b6 9. b4 dxc4 10. Bxc4 Bb7 11. Bb2 Rc8 12. Ng5 Nb8 13. h4 h6 14. d5 e5 15.
Bxe5 Nbd7 16. Bb2 Bd6 17. Nde4 Re8 18. Nxf6+ Nxf6 19. Qf5 Qd7 20. Qxd7 Nxd7 21.
Nf3 a5 22. Bb5 Rcd8 23. bxa5 Bxd5 24. axb6 c6 25. Rd1 Nxb6 26. Rxd5 cxd5 27.
Bxe8 Rxe8 28. O-O Nc4 29. Bc3 Nxa3 30. Rd1 Rb8 31. Nd4 Rb1 32. Rxb1 Nxb1 33.
Nb5 Bc5 34. Bb2 Nd2 35. Nc7 Nc4 36. Bc3 Nb6 37. h5 f6 38. g4 Bd6 39. Nb5 Be5
40. Bb4 Kf7 41. f4 Bb8 42. Kf2 Nc4 43. Kf3 g6 44. hxg6+ Kxg6 45. Nc3 Nxe3 46.
Kxe3 d4+ 47. Kxd4 Bxf4 48. Nd5 Be5+ 49. Ke4 h5 50. gxh5+ Kxh5 51. Be7 Kg6 52.
Bxf6 Bxf6 53. Nxf6 1/2-1/2

[Event "4NCL Division 1c"]
[Site "Birmingham, ENG"]
[Date "2016.04.30"]
[Round "9.133"]
[White "Jones, Gawain C B"]
[Black "Merry, Alan B"]
[Result "1-0"]
[WhiteElo "2650"]
[BlackElo "2375"]
[PlyCount "57"]
[EventDate "2016.04.30"]
[WhiteTeam "Guildford 1"]
[BlackTeam "Barbican 4NCL 1"]

1. e4 c6 2. d4 d5 3. Nc3 dxe4 4. Nxe4 Nd7 5. Ng5 Ngf6 6. Bd3 Nb6 7. N1f3 h6 8.
Ne4 Nxe4 9. Bxe4 Bg4 10. O-O e6 11. b3 Be7 12. Bb2 Bf6 13. h3 Bxf3 14. Qxf3 O-O
15. Rad1 Qc7 16. Bc1 Nd7 17. c4 Rfd8 18. Bf4 Qa5 19. d5 e5 20. dxc6 exf4 21.
cxd7 Qxa2 22. Bxb7 Rab8 23. Rfe1 Qa3 24. Bc6 Qxb3 25. Re8+ Kh7 26. Qd5 Qc2 27.
Qd6 g6 28. Qxf6 Qxd1+ 29. Kh2 1-0

[Event "4NCL Division 1c"]
[Site "Birmingham, ENG"]
[Date "2016.04.30"]
[Round "9.134"]
[White "Sanders, Isaac B"]
[Black "Edouard, Romain"]
[Result "0-1"]
[WhiteElo "2353"]
[BlackElo "2632"]
[PlyCount "52"]
[EventDate "2016.04.30"]
[WhiteTeam "Barbican 4NCL 1"]
[BlackTeam "Guildford 1"]

1. e4 e6 2. d4 d5 3. e5 c5 4. c3 Nc6 5. Nf3 Qb6 6. Na3 Bd7 7. Nc2 f6 8. Be2
fxe5 9. Nxe5 Nxe5 10. dxe5 Qc7 11. f4 O-O-O 12. O-O Ne7 13. Be3 g5 14. fxg5 Bg7
15. Rf7 Nf5 16. Bd3 Rhf8 17. Rxf8 Rxf8 18. Bxf5 Rxf5 19. Qh5 Qxe5 20. Qxh7 Bf8
21. Rf1 Rxf1+ 22. Kxf1 d4 23. Qf7 Bd6 24. g6 Qh5 25. Bf2 Bb5+ 26. Kg1 Qxh2# 0-1

[Event "4NCL Division 1c"]
[Site "Birmingham, ENG"]
[Date "2016.04.30"]
[Round "9.135"]
[White "Pert, Nicholas"]
[Black "D'Costa, Lorin A R"]
[Result "1-0"]
[WhiteElo "2572"]
[BlackElo "2396"]
[PlyCount "57"]
[EventDate "2016.04.30"]
[WhiteTeam "Guildford 1"]
[BlackTeam "Barbican 4NCL 1"]

1. d4 Nf6 2. Nf3 d5 3. Bf4 c5 4. e3 Nc6 5. Nbd2 Qb6 6. dxc5 Qxb2 7. Rb1 Qc3 8.
Bb5 e6 9. O-O Bxc5 10. Be5 Qa5 11. c4 Be7 12. Nb3 Qd8 13. cxd5 exd5 14. Nbd4
Bd7 15. Qa4 Rc8 16. Nxc6 bxc6 17. Ba6 c5 18. Qc2 Rc6 19. Bb7 Re6 20. Bxf6 Rxf6
21. Bxd5 O-O 22. Rfd1 Bd6 23. Ng5 Bf5 24. Be4 Rh6 25. f4 Bxe4 26. Qxe4 Qf6 27.
Rb7 Qc3 28. Rd7 Bb8 29. Rxf7 1-0

[Event "4NCL Division 1c"]
[Site "Birmingham, ENG"]
[Date "2016.04.30"]
[Round "9.136"]
[White "Jackson, James P"]
[Black "Le Roux, Jean-Pierre"]
[Result "1/2-1/2"]
[WhiteElo "2348"]
[BlackElo "2557"]
[PlyCount "90"]
[EventDate "2016.04.30"]
[WhiteTeam "Barbican 4NCL 1"]
[BlackTeam "Guildford 1"]

1. e4 e5 2. Nf3 Nc6 3. Bb5 a6 4. Ba4 g6 5. O-O Bg7 6. c3 d6 7. d3 Nge7 8. Be3
O-O 9. Qc1 Bg4 10. Bd1 f5 11. Ng5 Qd7 12. Bb3+ d5 13. f3 Bh5 14. c4 d4 15. Bd2
Kh8 16. c5 Nd8 17. Na3 h6 18. Nh3 f4 19. Nf2 g5 20. h3 Bg6 21. Qc2 h5 22. Ba4
Qc8 23. Nc4 Nf7 24. Rfc1 Nh6 25. Kf1 Bf7 26. Ke2 Ng6 27. Rh1 Be6 28. b4 Rb8 29.
Bb3 Qe8 30. Na5 b6 31. cxb6 cxb6 32. Bxe6 Qxe6 33. Qc6 Qf7 34. Nb3 Nh4 35. Rac1
Bf6 36. Rhg1 g4 37. Qc4 Qg6 38. Qxa6 Ra8 39. Qxb6 Rxa2 40. Qe6 Rb2 41. b5 Re8
42. Qd5 Rd8 43. Qe6 Re8 44. Qd5 Rd8 45. Qe6 Rf8 1/2-1/2

[Event "4NCL Division 1c"]
[Site "Birmingham, ENG"]
[Date "2016.04.30"]
[Round "9.137"]
[White "Smerdon, David C"]
[Black "Cox, John J"]
[Result "1-0"]
[WhiteElo "2529"]
[BlackElo "2341"]
[PlyCount "117"]
[EventDate "2016.04.30"]
[WhiteTeam "Guildford 1"]
[BlackTeam "Barbican 4NCL 1"]

1. e4 c5 2. Nf3 Nc6 3. Nc3 e5 4. Bc4 Be7 5. d3 d6 6. O-O Nf6 7. Ng5 O-O 8. f4
Bg4 9. Qe1 h6 10. h3 Bh5 11. g4 hxg5 12. fxg5 Nh7 13. gxh5 Bxg5 14. Qg3 Kh8 15.
Kh2 Nd4 16. Bxg5 Qxg5 17. Qxg5 Nxg5 18. Rf2 f5 19. h4 Nge6 20. Raf1 f4 21. Rg1
Rf6 22. Nd5 Rh6 23. Ne7 Nf8 24. Bf7 Rd8 25. Kh3 Rd7 26. Ng6+ Nxg6 27. hxg6 Re7
28. Rg5 Ne6 29. Rf5 Nd4 30. Rg5 Ne6 31. Bxe6 Rxe6 32. h5 Kg8 33. c3 Kf8 34. d4
cxd4 35. cxd4 Ke8 36. dxe5 Rxe5 37. Rxe5+ dxe5 38. Kg4 Rh8 39. Rc2 Kd7 40. Kg5
Ke6 41. Rc7 Rf8 42. h6 gxh6+ 43. Kxh6 Rh8+ 44. Rh7 Rb8 45. a4 a5 46. b3 b6 47.
Kg5 b5 48. axb5 Rxb5 49. Rh8 Rxb3 50. Re8+ Kd7 51. Rxe5 Rg3+ 52. Kf6 a4 53.
Rd5+ Kc6 54. g7 f3 55. Kf7 a3 56. g8=Q Rxg8 57. Kxg8 a2 58. Rd1 f2 59. e5 1-0

[Event "4NCL Division 1c"]
[Site "Birmingham, ENG"]
[Date "2016.04.30"]
[Round "9.138"]
[White "Lauterbach, Ingrid"]
[Black "Stefanova, Antoaneta"]
[Result "0-1"]
[WhiteElo "2116"]
[BlackElo "2507"]
[PlyCount "68"]
[EventDate "2016.04.30"]
[WhiteTeam "Barbican 4NCL 1"]
[BlackTeam "Guildford 1"]

1. Nf3 g6 2. g3 Bg7 3. Bg2 e5 4. e4 c5 5. O-O Nc6 6. d3 Nge7 7. c3 d6 8. Nbd2
O-O 9. Nh4 Be6 10. f4 Qd7 11. Ndf3 h6 12. Be3 exf4 13. gxf4 f5 14. exf5 gxf5
15. Qd2 Nd5 16. Bf2 Nf6 17. h3 a5 18. b3 b5 19. Rae1 b4 20. c4 Bf7 21. Qc2 Nh5
22. Qd2 Bc3 23. Qc1 a4 24. bxa4 Rxa4 25. Re2 Rfa8 26. Be1 Bf6 27. Nh2 Rxa2 28.
Rxa2 Rxa2 29. Qd1 Ra1 30. Qe2 Nd4 31. Qd2 b3 32. Kh1 Qe7 33. N4f3 Ne2 34. d4
Rxe1 0-1